000 00305nam a22001337a 4500
008 170615b xxu||||| |||| 00| 0 eng d
020 _a0821361546
041 _aeng
080 _a32
100 _a19
101 _aSHP
245 _aINTERNATIONAL POLITICAL RISK MANGEMENT
_cMORAN, TH.H
942 _2udc
_cBK
999 _c17537
_d17537